LEADER 01334nlm0 22003851i 450 001 990009692130403321 005 20131127134322.0 010 $a9781119949053$bonline 035 $a000969213 035 $aFED01000969213 035 $a(Aleph)000969213FED01 035 $a000969213 100 $a20130308d2012----km-y0itaa50------ba 101 0 $aeng 102 $aGB 135 $adrnn-008mamaa 200 1 $aKirkbride's diagnosis of abortion and neonatal loss in animals$bRisorsa elettronica$fEdited by Bradley L. Njaa 205 $a4th ed 210 $aChichester$cWiley-Blackwell$d2012 230 $aDocumento elettronico 305 $aRev. ed. of: Laboratory diagnosis of livestock abortion / edited by Clyde A. Kirkbride. 3rd ed. 1990 336 $aTesto 337 $aFormato html, pdf 517 1 $aDiagnosis of abortion and neonatal loss in animals 610 0 $aAborto$aMedicina Veterinaria$aDiagnosi 676 $a636.08982 702 1$aNjaa,$bBradley 702 1$aKirkbride,$bClyde A. 801 0$aIT$bUNINA$gREICAT$2UNIMARC 856 4 $zFull text per gli utenti Federico II$uhttp://onlinelibrary.wiley.com/book/10.1002/9781119949053 901 $aEB 912 $a990009692130403321 959 $aFMVBC 996 $aKirkbride's diagnosis of abortion and neonatal loss in animals$9843238 997 $aUNINA LEADER 01666nam0-2200421---450 001 990005731100203316 005 20200821170327.0 035 $a000573110 035 $aUSA01000573110 035 $a(ALEPH)000573110USA01 035 $a000573110 100 $a20071203d1978----|||y0itaa50------ba 101 $aita 102 $ait 105 $az 00||| 200 1 $a<> movimento operaio e socialista in Italia e Germania dal 1870 al 1920$fa cura di Leo Valiani e Adam Wandruszka 210 $aBologna$cIl Mulino$dc1978 215 $a387 p.$d22 cm 225 2 $aAnnali dell'Istituto storico italogermanico in Trento. Contributi = Jahrbuch des italienisch-deutschen historischen Instituts in Trient. Beitraege 300 $aAtti del Convegno dell'Istituto storico italo germanico tenuto a Trento dal 6 all'11 settembre 1976. 410 0$12001$aAnnali dell'Istituto storico italogermanico in Trento. Contributi = Jahrbuch des italienisch-deutschen historischen Instituts in Trient. Beitraege 606 $aMovimento operaio$xItalia$x1870-1920$2F 606 $aMovimento operaio$xGermania$x1870-1920$2F 620 $dBOLOGNA 676 $a331.88 702 1$aVALIANI,$bLeo 702 1$aWANDRUSZKA,$bAdam 801 0$aIT$bSA$c20111219 912 $a990005731100203316 950 0$aDipar.to di Filosofia - Salerno$dDFCC 331.88 MOV$e1114 FIL 951 $aCC 331.88 MOV$b1114 FIL 959 $aBK 969 $aFIL 979 $c20121027$lUSA01$h1526 979 $c20121027$lUSA01$h1615 979 $aPATRY$b90$c20130312$lUSA01$h1658 996 $aMovimento operaio e socialista in Italia e Germania dal 1870 al 1920$91083147 997 $aUNISA